Problems of an urban society (Record no. 7469)

MARC details
000 -LEADER
fixed length control field 00539nam a22001937a 4500
003 - CONTROL NUMBER IDENTIFIER
control field OSt
005 - DATE AND TIME OF LATEST TRANSACTION
control field 20211112170247.0
008 - FIXED-LENGTH DATA ELEMENTS--GENERAL INFORMATION
fixed length control field 211112b ||||| |||| 00| 0 eng d
040 ## - CATALOGING SOURCE
Transcribing agency DDC
082 ## - DEWEY DECIMAL CLASSIFICATION NUMBER
Classification number 307.76 CUL 2007
100 ## - MAIN ENTRY--PERSONAL NAME
Personal name Cullingworth, J. B.
9 (RLIN) 15299
245 ## - TITLE STATEMENT
Title Problems of an urban society
Remainder of title The social Frame work of Planning.
260 ## - PUBLICATION, DISTRIBUTION, ETC. (IMPRINT)
Place of publication, distribution, etc. London :
Name of publisher, distributor, etc. Routledge;
Date of publication, distribution, etc. 2007,
300 ## - PHYSICAL DESCRIPTION
Extent 174p.;
Dimensions 23cm,
504 ## - BIBLIOGRAPHY, ETC. NOTE
Bibliography, etc Includes indexes.
650 ## - SUBJECT ADDED ENTRY--TOPICAL TERM
Topical term or geographic name as entry element City planning.
9 (RLIN) 15268
650 ## - SUBJECT ADDED ENTRY--TOPICAL TERM
Topical term or geographic name as entry element Social policy.
9 (RLIN) 7496
942 ## - ADDED ENTRY ELEMENTS (KOHA)
Source of classification or shelving scheme Dewey Decimal Classification
Koha item type Book
Holdings
Withdrawn status Lost status Source of classification or shelving scheme Damaged status Not for loan Home library Current library Date acquired Source of acquisition Inventory number Total Checkouts Full call number Barcode Date last seen Price effective from Koha item type
    Dewey Decimal Classification     MUST Main Library MUST Main Library 12/11/2021 Purchase 15/39465   307.76 CUL 2007 2021-1675 12/11/2021 12/11/2021 Book